[Event "FAI-chT2 2021"]
[Site "Faroe Islands"]
[Date "2021.02.21"]
[Round "8.4"]
[White "Andreasen, Jon S"]
[Black "Dahl, Karl M"]
[Result "0-1"]
[WhiteElo "1693"]
[BlackElo "1590"]
[PlyCount "56"]
[EventDate "2020.10.04"]
[EventType "team-tourn"]
[EventRounds "10"]
[EventCountry "FAI"]
[SourceTitle "EXT 2022"]
[Source "ChessBase"]
[SourceDate "2021.10.06"]
[SourceVersion "1"]
[SourceVersionDate "2021.10.06"]
[SourceQuality "1"]
[WhiteTeam "Havnin III"]
[BlackTeam "Kollafjordur II"]
[WhiteTeamCountry "FAI"]
[BlackTeamCountry "FAI"]

1. b3 Nf6 2. Bb2 d5 3. e3 Bf5 4. Nf3 Nbd7 5. Be2 e6 6. a3 Bd6 7. d3 e5 8. Nbd2 Qe7 9. 0-0 0-0-0 10. c4 e4 11. Nd4 Qe5 12. f4 exf3 13. N2xf3 Qxe3+ 14. Kh1 Bg6 15. Bc1 Qe7 16. Nb5 a6 17. Nxd6+ Qxd6 18. d4 Rhe8 19. c5 Qe6 20. Ng1 Ne4 21. Bb2 h5 22. Rc1 c6 23. b4 Ndf6 24. Nh3 Ng4 25. Bxg4 hxg4 26. Nf4 Qf6 27. Nd3 Qh4 28. Qe1 g3 0-1

[Event "FAI-chT3 1920"]
[Site "Faroe Islands"]
[Date "2019.10.13"]
[Round "1.2"]
[White "Dahl, Karl M"]
[Black "Kristiansen, Albin"]
[Result "1-0"]
[WhiteElo "1556"]
[BlackElo "1519"]
[PlyCount "53"]
[EventDate "2019.10.13"]
[EventType "team-tourn"]
[EventRounds "11"]
[EventCountry "FAI"]
[SourceTitle "CBM 195 Extra"]
[Source "ChessBase"]
[SourceDate "2020.05.31"]
[SourceVersion "1"]
[SourceVersionDate "2020.05.31"]
[SourceQuality "1"]
[WhiteTeam "Kollafjordur III"]
[BlackTeam "Kollafjordur IV"]
[WhiteTeamCountry "FAI"]
[BlackTeamCountry "FAI"]

1. d4 d5 2. c4 e6 3. Nc3 Nf6 4. Bg5 Be7 5. Nf3 0-0 6. e3 c6 7. cxd5 exd5 8. Bd3 Re8 9. 0-0 Bd6 10. Qc2 h6 11. Bxf6 Qxf6 12. e4 dxe4 13. Nxe4 Qd8 14. Rfe1 Be6 15. Rad1 a5 16. Ne5 Bf5 17. Nxf7 Kxf7 18. Nxd6+ Qxd6 19. Bxf5 Nd7 20. Rxe8 Kxe8 21. Qb3 b5 22. Qg8+ Qf8 23. Qe6+ Qe7 24. Qxc6 Rb8 25. d5 Kd8 26. d6 Qf7 27. Qc7+ 1-0

[Event "FAI-chT3 1617"]
[Site "Faroe Islands"]
[Date "2017.02.12"]
[Round "7.3"]
[White "Guttesen, Joannes"]
[Black "Dahl, Karl M"]
[Result "1-0"]
[WhiteElo "1722"]
[BlackElo "1554"]
[PlyCount "143"]
[EventDate "2016.10.23"]
[EventType "team-tourn"]
[EventRounds "9"]
[EventCountry "FAI"]
[SourceTitle "EXT 2020"]
[Source "ChessBase"]
[SourceDate "2019.10.17"]
[SourceVersion "1"]
[SourceVersionDate "2019.10.17"]
[SourceQuality "1"]
[WhiteTeam "Havnin VII"]
[BlackTeam "Kollafjordur II"]
[WhiteTeamCountry "FAI"]
[BlackTeamCountry "FAI"]

1. d4 e6 2. c4 Nf6 3. Nc3 Bb4 4. Nf3 c5 5. e3 Ne4 6. Bd2 Nxd2 7. Qxd2 Qa5 8. Be2 Bxc3 9. bxc3 0-0 10. 0-0 d6 11. Qc2 cxd4 12. cxd4 d5 13. cxd5 Qxd5 14. Ne5 Nd7 15. Nxd7 Qxd7 16. Bf3 Rb8 17. Rfc1 Rd8 18. Qc7 Qxc7 19. Rxc7 Rd7 20. Rac1 Rxc7 21. Rxc7 a5 22. d5 exd5 23. Bxd5 Be6 24. Bxe6 fxe6 25. Kf1 Kf8 26. Ke2 b5 27. Ra7 a4 28. Kf3 Rc8 29. Rb7 Rc2 30. Rxb5 Rxa2 31. Rb7 a3 32. Ra7 Ra1 33. g4 a2 34. h4 e5 35. g5 Rh1 36. Rxa2 Rxh4 37. Ra5 Rb4 38. Rxe5 Kf7 39. Kg3 Ra4 40. f4 Ra3 41. Kf3 Ra4 42. f5 Rb4 43. Ra5 Rb6 44. Ra7+ Kf8 45. Kf4 h6 46. gxh6 Rxh6 47. e4 Rb6 48. e5 Rb1 49. Ke4 Rb4+ 50. Ke3 Rb3+ 51. Kf4 Rb4+ 52. Kg5 Rb1 53. Ra4 Ke7 54. e6 Rg1+ 55. Rg4 Rf1 56. Kg6 Rf2 57. Rg5 Kf8 58. e7+ Kxe7 59. Kxg7 Rf1 60. Kg6 Rf2 61. Rg3 Rf1 62. Re3+ Kf8 63. Ra3 Rg1+ 64. Kf6 Ke8 65. Ra8+ Kd7 66. Kf7 Rg2 67. f6 Rg1 68. Ra7+ Kd8 69. Kf8 Rg2 70. Rg7 Rf2 71. f7 Re2 72. Kg8 1-0

[Event "FAI-chT3 1617"]
[Site "Faroe Islands"]
[Date "2017.01.15"]
[Round "4.4"]
[White "Larsen, Finn W"]
[Black "Dahl, Karl M"]
[Result "0-1"]
[WhiteElo "1578"]
[BlackElo "1554"]
[PlyCount "50"]
[EventDate "2016.10.23"]
[EventType "team-tourn"]
[EventRounds "9"]
[EventCountry "FAI"]
[SourceTitle "EXT 2020"]
[Source "ChessBase"]
[SourceDate "2019.10.17"]
[SourceVersion "1"]
[SourceVersionDate "2019.10.17"]
[SourceQuality "1"]
[WhiteTeam "Havnin VI"]
[BlackTeam "Kollafjordur II"]
[WhiteTeamCountry "FAI"]
[BlackTeamCountry "FAI"]

1. e4 e5 2. Nf3 Nc6 3. Bc4 Bc5 4. Nc3 Nf6 5. h3 0-0 6. 0-0 d6 7. d3 Qe8 8. Nd5 Nxd5 9. Bxd5 Kh8 10. Qd2 f5 11. Qg5 h6 12. Qg3 f4 13. Qh2 Nd4 14. Nxd4 Bxd4 15. c3 Bb6 16. d4 Qg6 17. Kh1 c6 18. Bb3 Qxe4 19. f3 Qf5 20. g4 fxg3 21. Qxg3 Qxh3+ 22. Qxh3 Bxh3 23. Be3 Bxf1 24. Rxf1 exd4 25. cxd4 Rae8 0-1